Military justice : enlisted personnel training.

Bibliographic Details
Corporate Author: United States. Department of the Army
Format: Government Document Book
Language:English
Published: [Washington, DC] : [Headquarters, Dept. of the Army], [1985]
Series:TC ; 27-2
Subjects:

MARC

Tag First Indicator Second Indicator Subfields
LEADER 00000cam a2200000Ia 4500
001 in00000855554
005 20151019075549.0
008 860620s1985 dcu bf f000 0 eng d
035 |a (OCoLC)ocm13789642 
035 |9 AEE7089AM 
035 |a (OCoLC)13789642 
040 |a GPO  |c GPO  |d OCL  |d TXA  |d UtOrBLW 
043 |a n-us--- 
049 |a TXAM 
086 0 |a D 101.24:27-2 
090 |a KF7625  |b .M55 1985 
245 0 0 |a Military justice :  |b enlisted personnel training. 
264 1 |a [Washington, DC] :  |b [Headquarters, Dept. of the Army],  |c [1985] 
300 |a 11 pages ;  |c 26 cm. 
336 |a text  |b txt  |2 rdacontent 
337 |a unmediated  |b n  |2 rdamedia 
338 |a volume  |b nc  |2 rdacarrier 
490 1 |a TC ;  |v 27-2 
500 |a Cover title. 
500 |a "October 1985." 
500 |a Distributed to depository libraries in microfiche. 
500 |a Cushing Library Ragan Military copy donated in memory of Robert L. Acklen, Jr., class of '63. 
504 |a Bibliography: pages 10-11. 
610 1 0 |a United States.  |b Army  |v Handbooks, manuals, etc. 
650 0 |a Courts-martial and courts of inquiry  |z United States  |v Handbooks, manuals, etc. 
650 0 |a Military law  |z United States  |v Handbooks, manuals, etc. 
710 1 |a United States.  |b Department of the Army. 
810 1 |a United States.  |b Department of the Army.  |t Training circular ;  |v no. 27-2. 
948 |a cataloged  |b h  |c 2008/9/4  |d c  |e jgreene  |f 9:43:33 am 
994 |a C0  |b TXA 
999 |a MARS 
999 f f |s 0b074df1-4d24-39df-82d5-64aa9db7b1cd  |i 1195f7e2-1dfc-3765-99de-3dbc00e7f755  |t 0 
952 f f |p normal  |a Texas A&M University  |b College Station  |c Sterling C. Evans Library  |d Evans: US Documents Microfiche (3rd floor)  |t 0  |e D 101.24:27-2  |h Superintendent of Documents classification  |i unmediated -- volume  |m A14815894356 
952 f f |p noncirc  |a Texas A&M University  |b College Station  |c Cushing Memorial Library & Archives  |d Cushing: Ragan Military (Does not check out)  |t 0  |e KF7625 .M55 1985  |f Vertical File  |h Library of Congress classification  |i unmediated -- volume 
998 f f |a KF7625 .M55 1985  |t 0  |l Cushing: Ragan Military (Does not check out) 
998 f f |a D 101.24:27-2  |t 0  |l Evans: US Documents Microfiche (3rd floor)